000 00798na a2200241 4500
001 14292
003 MIRAKIL
005 20181213154955.0
008 161028b tu 000 0
035 _a14292
040 _aMilas
_btur
_cTR-AnCHP
041 _atur
082 _a790.134
_bN31b 1999
090 _a790.134 N31b 1999
111 _aNecdet Evliyagil şiir ve yazı yarışması
_cAnkara
_d1999
_n3
245 _a1999 ölümünün 7. yıldönümünde Necdet Evliyagil 3. şiir ve yazı yarışması
_b"75. yılında Cumhuriyet'imiz"
_cDüzenleyen Ajans-Türk Vakfı
246 _a75. yılında Cumhuriyetimiz
260 _aAnkara
_bAjans-Türk Vakfı
_c1999
300 _a43 s.
_c20 sm.
650 _aYarışmalar
_xTürkçe şiirler
710 _aAjans-Türk Vakfı
942 _2dcc
_cBKS
999 _c4147
_d4147